| 000 | 00888nam a2200277 i 4500 | ||
|---|---|---|---|
| 001 | 3668589 | ||
| 003 | OSt | ||
| 005 | 20140311163200.0 | ||
| 008 | 780803s1978 maua b 000 0 eng | ||
| 010 | _a 77093330 | ||
| 020 | _a0201180154 | ||
| 040 |
_aDLC _cDLC _dDLC |
||
| 050 | 0 | 0 |
_aHF 5549.5 _b.Sch319 1978 |
| 100 | 1 |
_aSchein, Edgar H. _916614 |
|
| 245 | 1 | 0 |
_aCareer dynamics : _bmatching individual and organizational needs / _cEdgar H. Schein. |
| 260 |
_aMassachusetts : _bAddison-Wesley Publishing Company, _cc1978. |
||
| 300 |
_axii, 276 p. : _bill. ; _c21 cm. |
||
| 490 | 0 | _aAddison-Wesley series on organization development | |
| 504 | _aBibliography: p. 270-276. | ||
| 526 | _c1210L-1700L | ||
| 650 | 0 |
_aManpower planning. _930785 |
|
| 650 | 0 |
_aVocational guidance. _92038 |
|
| 906 |
_a7 _bcbc _corignew _d2 _eopcn _f19 _gy-gencatlg |
||
| 942 |
_2lcc _cBK _kM |
||
| 999 |
_c42479 _d42479 |
||